00000000cam 2200000zi 4500
0019.958136
003CaOODSP
00520260605145706
006m     o  d f      
007cr |n|||||||||
008251210e199510  onc     ob   f000 0 eng d
040 |aCaOODSP|beng|erda|cCaOODSP
043 |an-cn---
0861 |aJS82-114/1995E-PDF
24500|aHealing the relationship between federally sentenced women and communities : |ba discussion paper / |cprepared by the Church Council on Justice and Corrections for Correctional Service Canada.
264 1|a[Ottawa] : |b[Correctional Service Canada], |cOctober 1995.
300 |a1 online resource (31, [4] pages)
336 |atext|btxt|2rdacontent
337 |acomputer|bc|2rdamedia
338 |aonline resource|bcr|2rdacarrier
500 |aDigitized edition from print [produced by Public Safety Canada].
500 |aIssued also in French under title: Les femmes purgeant une peine fédérale et les collectivités : une relation à rétablir : document de travail.
504 |aIncludes bibliographical references.
650 0|aReformatories for women|zCanada.
650 0|aWomen prisoners|xServices for|zCanada.
650 0|aFemale offenders|xRehabilitation|zCanada.
7102 |aCorrectional Service Canada, |eissuing body
77508|tLes femmes purgeant une peine fédérale et les collectivités : |w(CaOODSP)9.963360
85640|qPDF|s1.99 MB|uhttps://publications.gc.ca/collections/collection_2026/sp-ps/JS82-114-1995-eng.pdf